Vocación /

¿Qué nos hace proclives a un determinado oficio? ¿Cómo se define una vocación? Las dudas y certezas suelen aparecer durante los últimos años de secundaria. Especialistas y jóvenes se refieren a este momento clave en el que, en medio de múltiples propuestas, muchas veces es difícil optar por una sin...

Descripción completa

Guardado en:
Autor Corporativo: Canal Encuentro.
Otros Autores: Pauls, Gastón; Conducción.
Formato: Deslizar
Publicado: Argentina, 2009.
Series:Mejor hablar de ciertas cosas
Materias:
Acceso en línea:https://www.educ.ar/recursos/101185/vocacion
Etiquetas: Agregar Etiqueta
Sin Etiquetas, Sea el primero en etiquetar este registro!
LEADER 01369ngm a22002895g 4500
001 CEM.cems022959
008 130507s2009##################0###0#####d
005 20241127182104.0
245 0 0 |a Vocación /  |c Canal Encuentro. 
260 |a Argentina,  |c 2009. 
300 |a 60'. 
490 0 |a Mejor hablar de ciertas cosas 
500 |a En soporte VHS, consultar en ventanilla. 
505 0 |a La salida laboral en los jóvenes. La angustia por la falta de oportunidades. La vocación y la conveniencia económica. Propuestas y carreras. Salida laboral. 
520 |a ¿Qué nos hace proclives a un determinado oficio? ¿Cómo se define una vocación? Las dudas y certezas suelen aparecer durante los últimos años de secundaria. Especialistas y jóvenes se refieren a este momento clave en el que, en medio de múltiples propuestas, muchas veces es difícil optar por una sin titubear. 
538 |a Soporte: VHS - Norma: Pal N - Color: Si - Grabación DRD 2010 - Hitachi=0000 
110 2 |a Canal Encuentro. 
700 1 |a Pauls, Gastón; Conducción. 
082 1 3 |. 73/ENC 
653 |a VOCACION 
653 |a SALIDA LABORAL 
653 |a TRABAJO 
653 |a CARRERAS 
653 |a NIVEL PRIMARIO 
653 |a NIVEL SECUNDARIO 
856 |u https://www.educ.ar/recursos/101185/vocacion 
859 |a CEMS  |b BIB. CEMS - Depto. Recursos Didacticos  |h 136.73  |i ENC  |k DRD  |p 1602.12  |t Ej.1